000 00297nam a2200121 a 4500
005 20140414131909.0
008 101011s19uu xx 00 eng d
050 _aER
_bT48 1993
100 _aFox, Mem
245 _aTime for bed.
260 _aNew York :
_bHarcourt Brace,
_c1993.
999 _c111138
_d111138